Normal view
MARC view
Entry Topical Term
001 - CONTROL NUMBER
- control field: 6510
003 - CONTROL NUMBER IDENTIFIER
- control field: ARRUPE
005 - DATE AND TIME OF LATEST TRANSACTION
- control field: 20140106120443.0
008 - FIXED-LENGTH DATA ELEMENTS
- fixed length control field: 140106|| aca||aabn | a|a d
040 ## - CATALOGING SOURCE
- Original cataloging agency: ARRUPE
- Transcribing agency: ARRUPE
150 ## - HEADING--TOPICAL TERM
- Topical term or geographic name as entry element: War poetry, English
- General subdivision: History and criticism.
670 ## - SOURCE DATA FOUND
- Source citation: Work cat.: (ARRUPE)0: Stallworthy, Jon. 6506, Wilfred Owen /, 1994.